| 000 | 01149nam a22002537a 4500 | ||
|---|---|---|---|
| 005 | 20170124103120.0 | ||
| 010 | _aB-157951 | ||
| 020 |
_c200.00 _a818838433 |
||
| 035 | _aB-157951 | ||
| 037 | _bCen Lib/Ret | ||
| 040 |
_aDPL _bHN |
||
| 082 |
_a820.8 _bमल्होत्रा |
||
| 100 |
_aमल्होत्रा, रशिम _981663 |
||
| 245 |
_aआधुनिक हिंदी साहित्य : विविध आयाम / _c रशिम मल्होत्रा |
||
| 246 |
_aAdhunik hindi sahitya : vividh aayam _bby Rashim Malhotra |
||
| 260 |
_aदिल्ली _bजीवन ज्योति प्रकाशन _c2005 |
||
| 270 |
_a2992/4, गली शिवसहाय मल बल्लीमारान _bदिल्ली _e110006 |
||
| 300 |
_a204पृष्ठ. _c21सेमी(सजिल्द) |
||
| 650 |
_aहिंदी साहित्य _981664 |
||
| 650 |
_aसाहित्यिक निबंध _9232 |
||
| 650 |
_aHindi literature _981665 |
||
| 650 |
_aLiterary Essays _981666 |
||
| 942 |
_2ddc _cHN _h820.8 _mमल्होत्रा |
||
| 999 |
_c118733 _d118733 |
||